La Situación estratégica de América Latinas. Estados Unidos y la Seguridad Regional /
Zapisane w:
| organizacja autorów: | , |
|---|---|
| Format: | Texto |
| Wydane: |
Santiago:
CESOC
|
| Etykiety: |
Dodaj etykietę
Nie ma etykietki, Dołącz pierwszą etykiete!
|
MARC
| LEADER | 00000 a a2200000 04500 | ||
|---|---|---|---|
| 001 | 25475 | ||
| 003 | |||
| 040 | |a CRAI/IIS |c CRAI/IIS | ||
| 020 | |a 956-211-022-1 | ||
| 090 | |a 151707 | ||
| 110 | |a Centro Latinoamericano de Defensa y Desarme | ||
| 245 | |a La Situación estratégica de América Latinas. Estados Unidos y la Seguridad Regional / |c Centro Latinoamericano de Defensa y Desarme | ||
| 260 | |a Santiago: |b CESOC | ||
| 300 | |a 350 p | ||
| 710 | |a Progrma de Estudios Conjuntos de Relaciones Internacionales de América Latina | ||
| 999 | |c 17037 |d 17037 | ||
